Efecto de la época del año sobre la respuesta superovulatoria, estado de desarrollo, calidad morfológica y sobrevivencia in vitro de los embriones recuperados de ovejas Pelibuey superovuladas / José Herrera Camacho (Record no. 216960)
[ view plain ]
| 000 -CABECERA | |
|---|---|
| campo de control de longitud fija | 00928nam a2200217Ia 4500 |
| 001 - NÚMERO DE CONTROL | |
| campo de control | Z_5426 |
| 008 - DATOS DE LONGITUD FIJA--INFORMACIÓN GENERAL | |
| campo de control de longitud fija | 220601s9999 xx 000 0 und d |
| 090 ## - LOCALMENTE ASIGNADO TIPO-LC NÚMERO DE CLASIFICACIÓN (OCLC); NÚMERO DE CLASIFICACIÓN LOCAL (RLIN) | |
| Número de clasificación (OCLC) (R) ; Numero de clasificación, CALL (RLIN) (NR) | Tesis H 1944 |
| 100 ## - ENTRADA PRINCIPAL--NOMBRE DE PERSONA | |
| Nombre de persona | Herrera Camacho, José |
| 9 (RLIN) | 182340 |
| 245 ## - MENCIÓN DE TÍTULO | |
| Título | Efecto de la época del año sobre la respuesta superovulatoria, estado de desarrollo, calidad morfológica y sobrevivencia in vitro de los embriones recuperados de ovejas Pelibuey superovuladas / José Herrera Camacho |
| 260 ## - PUBLICACIÓN, DISTRIBUCIÓN, ETC. | |
| Lugar de publicación, distribución, etc. | Mérida, Yuc. : El autor |
| 300 ## - DESCRIPCIÓN FÍSICA | |
| Extensión | 95 h. |
| 502 ## - NOTA DE TESIS | |
| Nota de tesis | Tesis ( Maestro en Ciencias Esp. en Producción Animal Tropical. Reproducción Animal) -- Universidad Autónoma de Yucatán. Facultad de Medicina Veterinaria y Zootecnia |
| 650 ## - PUNTO DE ACCESO ADICIONAL DE MATERIA--TÉRMINO DE MATERIA | |
| Término de materia o nombre geográfico como elemento de entrada | 1. Borrego Pelibuey |
| 650 ## - PUNTO DE ACCESO ADICIONAL DE MATERIA--TÉRMINO DE MATERIA | |
| Término de materia o nombre geográfico como elemento de entrada | Ganado lanar - FecundidadÌ |
| 901 ## - ELEMENTOS DE DATOS A LOCAL LDA (RLIN) | |
| a | TESIS H 1944 |
| 902 ## - ELEMENTOS DE DATOS B LOCAL, LDB (RLIN) | |
| a | A |
| 905 ## - ELEMENTOS DE DATOS E LOCAL, LDE (RLIN) | |
| a | 0000001998 0000000000 00 |
| 942 ## - ELEMENTOS DE PUNTO DE ACCESO ADICIONAL (KOHA) | |
| Tipo de ítem Koha | Tesis_ |
| Estado de retiro | Estado de pérdida | Fuente del sistema de clasificación o colocación | Estado dañado | Restricciones de uso | No para préstamo | Código de colección | Localización permanente | Ubicación/localización actual | Ubicación en estantería | Fecha de adquisición | Total de préstamos | Código de barras | Fecha visto por última vez | Número de copia | Precio válido a partir de | Tipo de ítem Koha | Nota pública |
|---|---|---|---|---|---|---|---|---|---|---|---|---|---|---|---|---|---|
| Clasificación Universidad Autónoma de Chapingo | Préstamo interno | Tesis | Zootecnia | Zootecnia | 13/06/2006 | zt_3309 | 02/06/2022 | 1 | 02/06/2022 | Tesis | 3 |
